[Event "Bochum-ch"]
[Site "Bochum"]
[Date "2001.12.17"]
[Round "9"]
[White "Mueller, Herbert"]
[Black "Pusch, Hermann"]
[Result "0-1"]
[WhiteElo "2121"]
[BlackElo "2169"]
[PlyCount "94"]
[EventDate "2001.10.22"]
[EventType "swiss"]
[EventRounds "9"]
[EventCountry "GER"]
[SourceTitle "EXT 2006"]
[Source "ChessBase"]
[SourceDate "2005.11.24"]
[SourceVersion "1"]
[SourceVersionDate "2005.11.24"]
[SourceQuality "1"]

1. d4 c5 2. c3 Nf6 3. Nf3 e6 4. Bg5 d5 5. e3 Qb6 6. Qb3 Qxb3 7. axb3 Ne4 8. Bf4 Nc6 9. Ne5 g5 10. Nxc6 bxc6 11. Bc7 Kd7 12. Bb6 Bb7 13. Rxa7 Rxa7 14. Bxa7 Bd6 15. Bd3 cxd4 16. exd4 Ra8 17. Bxe4 dxe4 18. Bc5 Bxc5 19. dxc5 Ra2 20. 0-0 Rxb2 21. Rd1+ Ke7 22. Nd2 f5 23. g3 Ba6 24. c4 Bc8 25. Kf1 e5 26. Ke1 f4 27. Nxe4 Bg4 28. Rd6 Re2+ 29. Kf1 Rxe4 30. f3 Bxf3 31. Rh6 Re3 32. Rxh7+ Kf6 33. b4 Rb3 34. b5 cxb5 35. c6 Rb4 36. c5 Rc4 37. gxf4 exf4 38. h4 gxh4 39. Rxh4 Kg5 40. c7 Rxc5 41. Rh7 Bb7 42. Ke2 b4 43. Kd2 b3 44. Rh3 Rc2+ 45. Kd1 f3 46. Rh7 Be4 47. Rh2 Rxc7 0-1

[Event "Bochum-ch"]
[Site "Bochum"]
[Date "2001.11.19"]
[Round "5"]
[White "Bortel, Peter"]
[Black "Mueller, Herbert"]
[Result "1-0"]
[WhiteElo "1837"]
[BlackElo "2121"]
[PlyCount "113"]
[EventDate "2001.10.22"]
[EventType "swiss"]
[EventRounds "9"]
[EventCountry "GER"]
[SourceTitle "EXT 2006"]
[Source "ChessBase"]
[SourceDate "2005.11.24"]
[SourceVersion "1"]
[SourceVersionDate "2005.11.24"]
[SourceQuality "1"]

1. e4 b6 2. g3 Bb7 3. Bg2 e6 4. Nc3 Bb4 5. Nge2 f5 6. 0-0 Ne7 7. d3 0-0 8. a3 Bxc3 9. Nxc3 fxe4 10. dxe4 Nbc6 11. f4 a6 12. h3 Qe8 13. Kh2 Rd8 14. Qg4 Nd4 15. Rf2 Qg6 16. Qxg6 Nxg6 17. Be3 Nb5 18. Ne2 e5 19. f5 Ne7 20. Bg5 Rde8 21. Rd1 Nd6 22. Nc3 Nf7 23. Be3 d6 24. g4 b5 25. h4 Bc6 26. g5 Rb8 27. Ne2 b4 28. b3 bxa3 29. Ra1 Rfd8 30. Rxa3 Ra8 31. c4 Bb7 32. Nc3 c5 33. Nd5 Nxd5 34. cxd5 Rdb8 35. Bf1 Bc8 36. Bc4 Kf8 37. g6 Nh8 38. gxh7 Ra7 39. Ra1 Rf7 40. Rg1 a5 41. f6 g5 42. hxg5 Rxh7+ 43. Kg2 Ng6 44. Rh1 Rxh1 45. Kxh1 Bd7 46. Rb2 a4 47. Bc1 Rb4 48. Bd2 Rb7 49. Bc3 Bg4 50. Kg2 Nf4+ 51. Kg3 Bd1 52. bxa4 Ne2+ 53. Kf2 Nxc3 54. Rxb7 Nxe4+ 55. Ke3 Nxg5 56. a5 Nf7 57. a6 1-0